40years of Bangladesh way forward (V.2) : (Record no. 93475)

MARC details
000 -LEADER
fixed length control field 00624nam a2200229 a 4500
001 - CONTROL NUMBER
control field 093475
003 - CONTROL NUMBER IDENTIFIER
control field BD-ChCU
005 - DATE AND TIME OF LATEST TRANSACTION
control field 20230204170223.0
008 - FIXED-LENGTH DATA ELEMENTS--GENERAL INFORMATION
fixed length control field 2010s2016 abg b 001 eng
020 ## - INTERNATIONAL STANDARD BOOK NUMBER
International Standard Book Number 978 984 33 0917 4
040 ## - CATALOGING SOURCE
Original cataloging agency DLC
Transcribing agency DLC
Modifying agency BD-ChCU
082 00 - DEWEY DECIMAL CLASSIFICATION NUMBER
Classification number 327.1/F736
100 1# - MAIN ENTRY--PERSONAL NAME
Personal name
Titles and words associated with a name
245 00 - TITLE STATEMENT
Title 40years of Bangladesh way forward (V.2) :
Remainder of title Economy and Development.
Statement of responsibility, etc.
250 ## - EDITION STATEMENT
Edition statement ed
260 ## - PUBLICATION, DISTRIBUTION, ETC.
Place of publication, distribution, etc. Dhaka
Date of publication, distribution, etc. The Daily star
-- 2010
300 ## - PHYSICAL DESCRIPTION
Extent 283pg
504 ## - BIBLIOGRAPHY, ETC. NOTE
Bibliography, etc. note Includes index and bibliograpy.
650 #0 - SUBJECT ADDED ENTRY--TOPICAL TERM
Topical term or geographic name entry element Foreign policy
Location of event Foreign policy
700 1# - ADDED ENTRY--PERSONAL NAME
Personal name Anam, Mahfuz.
942 ## - ADDED ENTRY ELEMENTS (KOHA)
Source of classification or shelving scheme Dewey Decimal Classification
Koha item type Books
Holdings
Withdrawn status Lost status Source of classification or shelving scheme Damaged status Not for loan Home library Current library Shelving location Date acquired Source of acquisition Total Checkouts Full call number Barcode Date last seen Copy number Price effective from Koha item type
    Dewey Decimal Classification     Chittagong University Library Chittagong University Library Business and Social Science Reading Room 22/09/2016 Purchase   327.1/F736 310701 22/09/2016 01 22/09/2016 Books
    Dewey Decimal Classification     Chittagong University Library International Relations Seminar Library Business and Social Science Reading Room 01/08/2017 Purchase   327.1/F736 311479 01/08/2017 02 01/08/2017 Books
© Copyright 2026. Chittagong University Library, Installation and Maintenance by Prof. Dr. Md. Alamgir, 01711306253